LEADER 00892nam0-22003131i-450- 001 990001439680403321 010 $a90-277-1837-7 035 $a000143968 035 $aFED01000143968 035 $a(Aleph)000143968FED01 035 $a000143968 100 $a20000920d1984----km-y0itay50------ba 101 0 $aeng 200 1 $aPhilosophy of Geometry from Riemann to Poincaré$fRoberto Torretti 210 $aDordrecht$cReidel Publishing Comopany$d1984 215 $axiii, 459 p.$d25 cm 610 0 $aGeometria$aFilosofia 610 0 $aGeometria$aStoria 676 $a516.001 700 1$aTorretti,$bRoberto$057174 801 0$aIT$bUNINA$gRICA$2UNIMARC 901 $aBK 912 $a990001439680403321 952 $a28-A-24-(BIS$b17148$fMA1 959 $aMA1 962 $a01-02 996 $aPhilosophy of Geometry from Riemann to Poincaré$9374384 997 $aUNINA DB $aING01 LEADER 01243cam--2200373---450- 001 990003544860203316 005 20110628134913.0 010 $a978-88-387-6627-4 035 $a000354486 035 $aUSA01000354486 035 $a(ALEPH)000354486USA01 035 $a000354486 100 $a20110628d2011----km-y0itay50------ba 101 $aita 102 $aIT 105 $a||||||||001yy 200 1 $aManuale di polizia amministrativa$epubblico spettacolo e trattenimento, verifiche di incolumità del pubblico spettacolo ... [etc.]$fSaverio Linguanti 210 $aSantarcangelo di Romagna$cMaggioli$d2011 215 $a505 p.$d24 cm$e1 cd-rom 225 2 $aCommercio & servizi$v48 410 0$12001$aCommercio & servizi$v, 48 606 0 $aPolizia amministrativa$xManuali$2BNCF 676 $a344.4505233$v22 700 1$aLINGUANTI,$bSaverio$0428437 801 0$aIT$bsalbc$gISBD 912 $a990003544860203316 951 $aXXIV.3.P. 677$b66274 G.$cXXIV.3.P.$d00297346 959 $aBK 969 $aGIU 979 $aCHIARA$b90$c20110628$lUSA01$h1340 979 $aCHIARA$b90$c20110628$lUSA01$h1346 979 $aCHIARA$b90$c20110628$lUSA01$h1349 996 $aManuale di polizia amministrativa$91116608 997 $aUNISA